| 000 | 00000nas 2200000zi 4500 |
| 001 | 9.883056 |
| 003 | CaOODSP |
| 005 | 20221107170450 |
| 006 | m o d f |
| 007 | cr ||||||||||| |
| 008 | 191219d19761977onc x m o f0###b0fre|d |
| 022 | |y0705-9833 |
| 040 | |aCaOODSP|bfre|erda|cCaOODSP |
| 041 | |afre|beng |
| 043 | |an-cn--- |
| 086 | 1 |aEn66-1F-PDF |
| 130 | 0 |aPublication hors-série (Canada. Direction générale des terres) |
| 245 | 10|aPublication hors-série / |cDirection générale des terres. |
| 246 | 3 |aContribution |
| 264 | 1|a[Ottawa] : |bDirection générale des terres, Environnement Canada, |c1976-[1977?] |
| 310 | |aIrregulier |
| 336 | |atexte|btxt|2rdacontent/fre |
| 337 | |ainformatique|bc|2rdamedia/fre |
| 338 | |aressource en ligne|bcr|2rdacarrier/fre |
| 362 | 0 |anos 4-16. |
| 500 | |aPublié aussi en anglais sous le titre : Occasional paper - Lands Directorate. |
| 500 | |aÉdition numérisée de l’imprimé [par Environnement et Changement climatique Canada]. |
| 500 | |aCertaines livraisions comportent le titre : Contribution. |
| 546 | |aTexte préliminaire en français et en anglais. |
| 546 | |aTexte en français seulement; 1977- textes en français et en anglais. |
| 650 | 6|aUtilisation du sol|zCanada. |
| 650 | 6|aUtilisation du sol|zCanada|xPlanification. |
| 710 | 1 |aCanada. |bEnvironnement Canada. |
| 710 | 1 |aCanada. |bDirection générale des terres. |
| 775 | 08|tOccasional paper / |w(CaOODSP)9.883052 |